Do nothing! : how to stop overmanaging and become a great leader.
| Main Author: | |
|---|---|
| Format: | Book |
| Published: |
London:
Penguin Books,
2012.
|
| Subjects: |
| LEADER | 00487cam a2200157 7i4500 | ||
|---|---|---|---|
| 001 | 0000028423 | ||
| 005 | 20121002090000.0 | ||
| 020 | 0 | 0 | |a 9781591845300 |
| 090 | 0 | 0 | |a B 658.4092 |b MUR |
| 100 | 1 | 0 | |a Murnighan |
| 245 | 1 | 0 | |a Do nothing! : |b how to stop overmanaging and become a great leader. |
| 260 | 0 | 0 | |a London: |b Penguin Books, |c 2012. |
| 300 | # | # | |a 224 p. |
| 650 | 0 | 0 | |a Industrial management |
| 650 | 0 | 0 | |a Leadership -- |x Psychological aspects |
| 999 | |a B000031897 |b Book |c Book |e Business Information Centre | ||


